The new digital age : (Record no. 213777)

000 -LEADER
fixed length control field 01830 a2200349 4500
003 - CONTROL NUMBER IDENTIFIER
control field Nust
005 - DATE AND TIME OF LATEST TRANSACTION
control field 20221219091533.0
010 ## - LIBRARY OF CONGRESS CONTROL NUMBER
LC control number 2013004565
020 ## - INTERNATIONAL STANDARD BOOK NUMBER
International Standard Book Number 0307957136
020 ## - INTERNATIONAL STANDARD BOOK NUMBER
International Standard Book Number 9780307957139
040 ## - CATALOGING SOURCE
Transcribing agency Nust
082 00 - DEWEY DECIMAL CLASSIFICATION NUMBER
Classification number 303.4833,SCH
100 1# - MAIN ENTRY--PERSONAL NAME
Personal name Schmidt, Eric,
9 (RLIN) 105152
245 14 - TITLE STATEMENT
Title The new digital age :
Remainder of title reshaping the future of people, nations and business /
Statement of responsibility, etc. Eric Schmidt and Jared Cohen.
250 ## - EDITION STATEMENT
Edition statement First edition.
300 ## - PHYSICAL DESCRIPTION
Extent 315 pages ;
Dimensions 25 cm
500 ## - GENERAL NOTE
General note "This is a Borzoi book"--Title page verso.
505 0# - FORMATTED CONTENTS NOTE
Formatted contents note Introduction (Page-3), Our Future Selves (Page-13), The Future of Identity, Citizenship and Reporting (Page-32), The Future of States (Page-82), The Future of Revolution (Page-121), The Future of Terrorism (Page-151), The Future of Conflict, Combat and Intervention (Page-183), The Future of Reconstruction (Page-217).
650 #0 - SUBJECT ADDED ENTRY--TOPICAL TERM
Topical term or geographic name entry element Computers and civilization
General subdivision Forecasting.
9 (RLIN) 10382
650 #0 - SUBJECT ADDED ENTRY--TOPICAL TERM
Topical term or geographic name entry element Digital electronics
General subdivision Political aspects
-- Forecasting.
9 (RLIN) 10379
650 #0 - SUBJECT ADDED ENTRY--TOPICAL TERM
Topical term or geographic name entry element Digital electronics
General subdivision Social aspects
-- Forecasting.
9 (RLIN) 10378
650 #0 - SUBJECT ADDED ENTRY--TOPICAL TERM
Topical term or geographic name entry element Digital media
General subdivision Political aspects
-- Forecasting.
9 (RLIN) 10377
650 #0 - SUBJECT ADDED ENTRY--TOPICAL TERM
Topical term or geographic name entry element Digital media
General subdivision Social aspects
-- Forecasting.
9 (RLIN) 10376
650 #0 - SUBJECT ADDED ENTRY--TOPICAL TERM
Topical term or geographic name entry element Information technology
General subdivision Political aspects
-- Forecasting.
9 (RLIN) 10381
650 #0 - SUBJECT ADDED ENTRY--TOPICAL TERM
Topical term or geographic name entry element Information technology
General subdivision Social aspects
-- Forecasting.
9 (RLIN) 10380
650 #0 - SUBJECT ADDED ENTRY--TOPICAL TERM
Topical term or geographic name entry element Technology and civilization
General subdivision Forecasting.
9 (RLIN) 10383
700 1# - ADDED ENTRY--PERSONAL NAME
Personal name Cohen, Jared,
Dates associated with a name 1981-
9 (RLIN) 10384
856 42 - ELECTRONIC LOCATION AND ACCESS
Materials specified Contributor biographical information
Uniform Resource Identifier <a href="http://www.loc.gov/catdir/enhancements/fy1307/2013004565-b.html">http://www.loc.gov/catdir/enhancements/fy1307/2013004565-b.html</a>
856 42 - ELECTRONIC LOCATION AND ACCESS
Materials specified Publisher description
Uniform Resource Identifier <a href="http://www.loc.gov/catdir/enhancements/fy1307/2013004565-d.html">http://www.loc.gov/catdir/enhancements/fy1307/2013004565-d.html</a>
856 42 - ELECTRONIC LOCATION AND ACCESS
Materials specified Sample text
Uniform Resource Identifier <a href="http://www.loc.gov/catdir/enhancements/fy1310/2013004565-s.html">http://www.loc.gov/catdir/enhancements/fy1310/2013004565-s.html</a>
942 ## - ADDED ENTRY ELEMENTS (KOHA)
Source of classification or shelving scheme
Koha item type Book
Call number prefix 303.4833,SCH
Holdings
Withdrawn status Lost status Source of classification or shelving scheme Damaged status Not for loan Collection code Permanent Location Current Location Date acquired Total Checkouts Full call number Barcode Date last seen Price effective from Koha item type
            Military College of Signals (MCS) Military College of Signals (MCS) 12/12/2016   303.4833 SCH MCS37166 12/08/2016 12/12/2016 Book
© 2023 Central Library, National University of Sciences and Technology. All Rights Reserved.